00612nam a2200217Ia 450000500170000000800410001702000230005804000190008104100120010008200130011210000190012524500500014426000430019430000100023750400360024763000190028363000220030265000350032465100240035985000110038320231121100217.0131103s9999 xx 000 0 und d a8121202663cRs 125 aLoreto College aEnglish a323bTAL aTalwar, Rajesh 4aThe Third Sex and Human RightscRajesh Talwar aNew DelhibGyan Publishing Housec1999 a216p  aIncludes bibliography and index aGender Studies aThird Sex Studies aHuman Rights and the Third Sex aTranssexual Studies aLCLIB